Wszystkie drużyny top 5 lig z kolorem NIEBIESKIM w logo - Statystyki

Ogólne statystyki
  • Ten quiz został rozwiązany 58 razy
    51 od ostatniego zresetowania
  • Średni wynik to 18 z 47
Statystyki odpowiedzi
Liga Drużyna % Poprawnych
Premier League Chelsea
88%
La Liga Barcelona
80%
Serie A Inter
73%
Ligue 1 PSG
73%
La Liga Atletico
65%
Premier League City
65%
Premier League Everton
65%
La Liga Real Madryt
63%
Bundesliga Bayern
60%
Premier League Brighton
58%
Serie A Napoli
55%
Premier League Aston Villa
50%
Premier League Newcastle
50%
Ligue 1 OL
50%
Serie A Lazio
48%
Bundesliga Hoffenheim
45%
La Liga Real Sociedad
45%
Premier League Luton
43%
Ligue 1 OM
43%
Bundesliga Bochum
40%
Premier League Crystal Palace
40%
Premier League Westham
40%
Serie A Atalanta
38%
La Liga Alaves
33%
Premier League Arsenal
33%
Ligue 1 Lille
33%
La Liga Cadiz
28%
La Liga Valencia
28%
La Liga Villarreal
28%
Serie A Empoli
25%
La Liga Getafe
25%
La Liga Osasuna
25%
Serie A Bologna
23%
La Liga Celta Vigo
23%
Serie A Frosinone
23%
La Liga Almeria
20%
Bundesliga Darmstadt
20%
La Liga Las Palmas
20%
Serie A Lecce
18%
Serie A Cagliari
15%
Serie A Genoa
15%
Bundesliga Heidenheim
15%
Ligue 1 Le Havre
15%
Ligue 1 Strasbourg
13%
Ligue 1 Montpellier
10%
Ligue 1 Toulouse
8%
Ligue 1 Clermont
5%
Nie znaleziono quizów pasujących do podanych kryteriów
Rozkład punktacji
Procent ludzi z każdym wynikiem
Percentyl według liczby udzielonych odpowiedzi
Twoja historia wyników
Nie rozwiązałeś tego quizu od ostatniego zresetowania